| 000 | 02716nam a2200397 a 4500 | ||
|---|---|---|---|
| 001 | ebr10520724 | ||
| 003 | CaPaEBR | ||
| 006 | m u | ||
| 007 | cr cn||||||||| | ||
| 008 | 120112s2011 dcuad sb 001 0 eng d | ||
| 010 | _z 2011276583 | ||
| 020 | _z0309210240 (pbk.) | ||
| 020 | _z9780309210249 | ||
| 040 |
_aCaPaEBR _cCaPaEBR |
||
| 035 | _a(OCoLC)776588014 | ||
| 043 | _an-us--- | ||
| 050 | 1 | 4 |
_aRJ399.C6 _bI57 2011eb |
| 110 | 2 | _aInstitute of Medicine (U.S.) | |
| 245 | 1 | 0 |
_aEarly childhood obesity prevention policies _h[electronic resource] / _cLeann L. Birch, Lynn Parker, and Annina Burns, editors ; Institute of Medicine of the National Academies. |
| 260 |
_aWashington, D.C. : _bNational Academies Press, _cc2011. |
||
| 300 |
_axii, 190 p. : _bill. (some col.) |
||
| 500 | _a"Early childhood obesity prevention policies." | ||
| 500 | _a"Early Childhood Obesity Prevention Policies, Committee on Obesity Prevention Policies for Young Children." | ||
| 504 | _aIncludes bibliographical references and index. | ||
| 505 | 0 | 0 |
_tIntroduction -- _tAssessing risk for obesity in young children -- _tPhysical activity -- _tHealthy eating -- _tMarketing and screen time -- _tSleep -- _tMethods -- _tEmerging issues in early childhood obesity prevention. |
| 520 | _aReviews factors related to overweight and obese children from birth to age 5, with a focus on nutrition, physical activity, and sedentary behavior, and recommends policies that can alter children's environments so that they promote the maintenance of healthy weight. Because the first years of life are important to health and well-being throughout the life span, preventing obesity in infants and young children can contribute to reversing the epidemic of obesity in children and adults. The report recommends that health care providers make parents aware of their child's excess weight early on. It also suggests that parents and child care providers keep children active throughout the day, provide them with healthy diets, limit screen time, and ensure children get adequate sleep. | ||
| 533 |
_aElectronic reproduction. _bPalo Alto, Calif. : _cebrary, _d2012. _nAvailable via World Wide Web. _nAccess may be limited to ebrary affiliated libraries. |
||
| 650 | 0 |
_aObesity in children _zUnited States _xPrevention. |
|
| 655 | 7 |
_aElectronic books. _2local |
|
| 700 | 1 | _aBirch, Leann L. | |
| 700 | 1 | _aBurns, Annina Catherine. | |
| 700 | 1 | _aParker, Lynn. | |
| 710 | 2 |
_aInstitute of Medicine (U.S.). _bCommittee on Obesity Prevention Policies for Young Children. |
|
| 710 | 2 | _aebrary, Inc. | |
| 856 | 4 | 0 |
_uhttp://site.ebrary.com/lib/rucke/Doc?id=10520724 _zAn electronic book accessible through the World Wide Web; click to view |
| 999 |
_c237834 _d237834 |
||